Daňové stimuly

Uložené v:
Podrobná bibliografia
Hlavný autor: Feranecová, Adela, 1986-
Ďalší autori: Novotný, Marcel, 1979-
Médium: Kapitola
Jazyk:Slovak
Predmet:
Tagy: Pridať tag
Žiadne tagy, Buďte prvý, kto otaguje tento záznam!

MARC

LEADER 00000naa$a2200000$$$4500
001 0281264
005 20240502074355.5
041 0 |a slo 
044 |a SK 
245 1 0 |a Daňové stimuly  |c Adela Feranecová, Marcel Novotný 
500 |a abstrakt 
610 2 0 |a stimuly 
610 2 0 |a dane 
610 2 0 |a systémy daňové 
100 1 |a Feranecová, Adela, 1986- 
700 1 |a Novotný, Marcel, 1979-